Name The Drill Rapper By Picture - Statistics

General Stats
  • This quiz has been taken 110 times
  • The average score is 15 of 45
Answer Stats
Picture Answer % Correct
King Von
98%
Pop Smoke
95%
NLE Choppa
91%
YoungBoy Never Broke Again
88%
Lil Durk
84%
Polo G
81%
Chief Keef
79%
Lil Loaded
76%
YNW Melly
76%
Kay Flock
59%
Julio Foolio
53%
Tay-K
53%
FBG Duck
41%
Pooh Shiesty
40%
G Herbo
36%
Yungeen Ace
34%
Lil Reese
29%
Bloodhound Lil jeff
26%
Fredo Santana
26%
Lil JoJo
24%
Digga D
22%
JayDaYoungan
22%
22Gz
21%
Fivio Foreign
21%
Sheff G
19%
SugarHill Keem
19%
Sha EK
17%
Young Pappy
16%
Ron Suno
14%
YBN Nahmir
14%
Bandokay
12%
BossMan Dlow
10%
Dusty Locane
10%
Lil Bibby
9%
Key Glock
7%
Skrilla
7%
BIG30
5%
EST Gee
5%
Blockwork
3%
Rooga
3%
Boss Top
2%
Quin Nfn
2%
Blizzy Banks
0%
King Louie
0%
Lud Foe
0%
No matching quizzes found
Score Distribution
Percent of People with Each Score
Percentile by Number Answered
Your Score History
You have not taken this quiz